Normal view
MARC view
Entry Personal Name
001 - CONTROL NUMBER
- control field: 256896
003 - CONTROL NUMBER IDENTIFIER
- control field: OSt
005 - DATE AND TIME OF LATEST TRANSACTION
- control field: 20220925182630.0
008 - FIXED-LENGTH DATA ELEMENTS
- fixed length control field: 220925|| aca||aabn | a|a d
040 ## - CATALOGING SOURCE
- Original cataloging agency: OSt
- Transcribing agency: OSt
100 ## - HEADING--PERSONAL NAME
- Personal name: Akhtar Shirin
670 ## - SOURCE DATA FOUND
- Source citation: Work cat.: (OSt)502713: Akhtar Shirin, Role of the zamindars in Bengal 1707-1772, 1982
